| 000 | 01418cam a2200361 a 4500 | ||
|---|---|---|---|
| 999 |
_c57600 _d57600 |
||
| 001 | 3013272 | ||
| 005 | 20200812132138.0 | ||
| 008 | 940302s1995 nyua b 001 0 eng | ||
| 010 | _a 94006507 | ||
| 020 | _a0387942858 (New York : acidfree paper) | ||
| 020 | _a3540942858 (Berlin : acidfree paper) | ||
| 040 |
_aDLC _cDLC _dDLC |
||
| 041 | _aeng | ||
| 050 | 0 | 0 |
_aQA174.2 _b.R67 1995 |
| 080 | _a512.2 R-82 | ||
| 082 | 0 | 0 | _2 |
| 100 | 1 |
_aRotman, Joseph J., _d1934- _99179 |
|
| 245 | 1 | 3 |
_aAn introduction to the theory of groups / _cJoseph Rotman. |
| 250 | _a4th ed. | ||
| 264 |
_aNew York : _bSpringer-Verlag, _cc1995. |
||
| 300 |
_axiv, 513 p. : _b37 ill. ; _c24 cm. |
||
| 440 | 0 |
_aGraduate texts in mathematics ; _v148 _99001 |
|
| 500 | _aCol. ill. on lining papers. | ||
| 504 | _aIncludes bibliographical references (p. [495]-497) and index. | ||
| 650 | 0 |
_aGroup theory. _99180 |
|
| 653 | _aშესავალი ჯგუფების თეორიაში | ||
| 653 | _aმათემატიკა | ||
| 856 | 4 | 2 |
_3Publisher description _uhttp://www.loc.gov/catdir/enhancements/fy0818/94006507-d.html |
| 856 | 4 | 1 |
_3Table of contents only _uhttp://www.loc.gov/catdir/enhancements/fy0818/94006507-t.html |
| 906 |
_a7 _bcbc _corignew _d1 _eocip _f19 _gy-gencatlg |
||
| 942 |
_2udc _cBK |
||
| 955 | _apc01 to JA00 03-02-94; jd20 03-02-94; jd99 03-02-94; jd85 03-02-94; CIP ver. jc03 01-04-95 | ||